Fundamentos de análisis económico (Registro nro. 4785)

Detalles MARC
000 -LEADER
fixed length control field 01137 a2200229 4500
001 - CONTROL NUMBER
control field 49259
005 - DATE AND TIME OF LATEST TRANSACTION
control field 20260407155755.0
008 - FIXED-LENGTH DATA ELEMENTS--GENERAL INFORMATION
fixed length control field 260407a1982 arg spa d
003 - CONTROL NUMBER IDENTIFIER
control field AR-UNSa-BCEJYS
040 ## - CATALOGING SOURCE
Original cataloging agency AR-UNSa-BCEJYS
Language of cataloging spa
Transcribing agency AR-UNSa-BCEJYS
080 ## - UNIVERSAL DECIMAL CLASSIFICATION NUMBER
Universal Decimal Classification number 330.1
Common auxiliary subdivision Ciencia económica. Conceptos fundamentales de teoría económica. Valor. Capital. Fondos
020 ## - INTERNATIONAL STANDARD BOOK NUMBER
International Standard Book Number 950-23-0012-2
041 ## - LANGUAGE CODE
Language code of text/sound track or separate title spa
100 1# - MAIN ENTRY--PERSONAL NAME
Personal name Benegas Lynch, Alberto (h)
245 10 - TITLE STATEMENT
Title Fundamentos de análisis económico
250 ## - EDITION STATEMENT
Edition statement 2a. ed.
264 #1 - PRODUCTION, PUBLICATION, DISTRIBUTION, MANUFACTURE, AND COPYRIGHT NOTICE
Place of production, publication, distribution, manufacture Buenos Aires :
Name of producer, publisher, distributor, manufacturer EUDEBA (Editorial Universitaria de Buenos Aires)
Date of production, publication, distribution, manufacture, or copyright notice 1982
300 ## - PHYSICAL DESCRIPTION
Extent 349 p.
Dimensions 22 cm.
505 ## - FORMATTED CONTENTS NOTE
Formatted contents note Primera Parte: 1. Naturaleza de la economía - 2. Trascendencia de la teoría del valor - 3. Determinación de los precios - 4. Significado de la catalactica - 5. Injerencia gubernamental en el mercado - - Segunda Parte: 6. Política monetaria - 7. Función del interés - 8. Formación de capital - - Tercera Parte: 9. Política laboral - 10. Política fiscal - 11. Relaciones internacionales - 12. El marco jurídico.
590 ## - LOCAL NOTE (RLIN)
Local note niveau_biblio:m niveau_hierar:0
942 ## - ADDED ENTRY ELEMENTS (KOHA)
Koha item type
Existencias
Withdrawn status Lost status Damaged status Not for loan Home library Current library Shelving location Date acquired Total checkouts Full call number Barcode Date last seen Price effective from Koha item type
        Biblioteca Prof. Eusebio Cleto del Rey Biblioteca Prof. Eusebio Cleto del Rey   07/04/2026   330.1 B461 2ed. L33750 07/04/2026 07/04/2026 Libro